000 00566nam a2200169 4500
001 107763
003 ES-MaACL
005 20230906184503.0
007 t|
008 061121s1953 sp r ||||1| spa d
100 1 _aMotilva Ylarri, Emilio.
_983828
245 1 0 _aFísica
_b: adaptada al programa de ingreso en la Escuela Profesional de Peritos Agrícolas /
_cEmilio Motilva Ylarri, Manuel Diz Mateos.
260 _aMadrid :
_bMarban,
_c1953.
300 _a485 p. :
_bil. ;
_c21 cm.
700 1 _aDiz Mateos, Manuel.
_944913
852 _aES-MaACL
_jD-8620
_bR.33420
999 _c107763
_d107763